Frammenti di un discorso amoroso

में बचाया:
ग्रंथसूची विवरण
मुख्य लेखक: Barthes Roland
स्वरूप: पुस्तक
भाषा:अज्ञात या अवैध भाषा
प्रकाशित: Torino Einaudi 1979
टैग: टैग जोड़ें
कोई टैग नहीं, इस रिकॉर्ड को टैग करने वाले पहले व्यक्ति बनें!

MARC

LEADER 00000nam a2200000Ia 4500
001 169
003 NUMERAZIONE-ORIGINALE-BRESCIA
005 20260206230749.0
008 260206s9999 xx 000 0 und d
100 |a Barthes Roland 
245 0 |a Frammenti di un discorso amoroso 
260 |a Torino 
260 |b Einaudi 
260 |c 1979 
500 |a Gli Struzzi 
942 |2 ddc  |c BK  |n 0 
952 |0 0  |1 0  |2 ddc  |4 0  |6 31  |7 0  |9 28365  |a BS  |b BS  |d 2026-02-06  |i 169  |l 0  |o 3-1-*  |r 2026-02-06 22:40:33  |w 2026-02-06  |x [REVISIONARE]  |y BK 
999 |c 24050  |d 24050